000 00269nam a22001217a 4500
003 SGT
082 _a340
100 _aRYDER RODNEY,D.
245 _aDRAFTING CORPORATE & COMMERCIAL AGREEMENTS
250 _a2ND
260 _aNEW DELHI
_bUNIVERSAL LAW
942 _2ddc
_cCD
999 _c11461
_d11461